00000000nam 2200000za 4500
0019.699412
003CaOODSP
00520210625000353
007cr |||||||||||
008150407|1988||||xxc|||||o    f|0| 0 eng d
040 |aCaOODSP|beng
043 |an-cn---
0861 |aA53-855/1988E-PDF
1101 |aCanada.|bAgriculture Canada. |bPlant Protection Division.
24510|aInsect pests in cargo ships |h[electronic resource] / |c[by] H.A.U. Monro; revised by E.J. Bond and J. Bénazet.
260 |aOttawa : |bAgriculture Canada. |c1969, revised 1984, revised 1988.
300 |a36 p.
500 |aHistorical publication digitized by Agriculture and Agri-Food Canada.
590 |a14-11-Supp|b2014-05-21
69007|aAgri-food products|2gcpds
69007|aFreight|2gcpds
69007|aInsects|2gcpds
69007|aPests|2gcpds
77508|tInsectes nuisibles des cargos / |w(CaOODSP)9.643399
85640|ahttp://publications.gc.ca|qPDF|s2.6 MB|uhttps://publications.gc.ca/collections/collection_2014/aac-aafc/agrhist/A53-855-1988-eng.pdf
986 |a855/E